Enfoque práctico de la teoría de robots con aplicaciones en Matlab (Registro nro. 9801)
[ vista simple ]
| 000 -Cabecera | |
|---|---|
| Campo de control de longitud fija | 00650nam a22002537a 4500 |
| 005 - Fecha y hora de la última transacción | |
| Campo de control | 20231115123336.0 |
| 008 - Elementos de longitud fija--Información general | |
| Campo de control de longitud fija | 170825b2016 xxu||||| |||| 00| 0 spa d |
| 020 ## - International Standard Book Number | |
| Número Internacional Estándar del Libro (ISBN) | 9789587713190 |
| 041 ## - Idioma | |
| Código de idioma | Español |
| 082 ## - Clasificación Decimal Dewey | |
| Número de clasificación | 629.892 A742e |
| 100 ## - Entrada principal--Autor personal | |
| Nombre personal | Arnéz Braschi, Enrique Luis |
| 9 (RLIN) | 43966 |
| 245 ## - Título propiamente dicho | |
| Título | Enfoque práctico de la teoría de robots con aplicaciones en Matlab |
| 260 ## - Pie de imprenta | |
| Lugar de publicación, distribución, etc. | Colombia |
| 260 ## - Pie de imprenta | |
| Nombre del editor, distribuidor, etc. | Ecoe Ediciones |
| 260 ## - Pie de imprenta | |
| Fecha de publicación, distribución, etc. | 2016 |
| 300 ## - Descripción física | |
| Extensión | 176 páginas |
| 650 ## - Materia general | |
| Temática (materia general) | ROBÓTICA |
| 650 ## - Materia general | |
| Temática (materia general) | ELECTRÓNICA |
| 650 ## - Materia general | |
| Temática (materia general) | MATLAB |
| 650 ## - Materia general | |
| Temática (materia general) | CINEMÁTICA |
| 650 ## - Materia general | |
| Temática (materia general) | CONTROLADORES |
| 942 ## - Punto de acceso adicional KOHA | |
| Tipo de ítem KOHA | Libro |
| Fuente del sistema de clasificación o colocación | Dewey Decimal Classification |
| Signatura completa | Código de barras | Tipo de ítem |
|---|---|---|
| 629.892 A742e | 22538 | Libro |
| 629.892 A742e | 22539 | Libro |